000
00399nas a2200157 a 4500
001
79786
003
156060
005
20201118111644.0
008
||||||n9999 ||| || ||
245
0
_a
Planeación & Desarrollo - Vol.30 No.4
260
_a
Bogotá :
562
_e
2
773
_0
17332
_a
Planeación & Desarrollo
942
_c
SISS
999
_c
79786
_d
79786